000 00559nam a2200181 i 4500
001 79649
003 ES-MaACL
005 20250902064420.0
007 t|
008 041022s1939 sp ||||1| spa d
100 1 _aHernando Colet, Gregorio.
_963100
245 1 0 _aContribuciones y recargos sobre comerciantes e industriales /
_cGregorio Hernando Colet.
260 _aZaragoza :
_b[s.n.,
_c1939] (
_fTall. "El Noticiero")
300 _a436 p. ;
_c22 cm.
650 7 _aEmpresas-
_xImpuestos
_2
_9173125
852 _aES-MaACL
_jA-4826
999 _c79649
_d79649